Manual de las señoritas ó Arte para aprender cuantas habilidades constituyen el verdadero mérito de las mugeres ... / (Record no. 158643)

MARC details
000 -LEADER
campo de control de longitud fija 00946nam a22002175i 4500
001 - NÚMERO DE CONTROL
campo de control 158643
003 - IDENTIFICADOR DE NÚMERO DE CONTROL
campo de control ES-MaACL
005 - FECHA Y HORA DE LA ÚLTIMA TRANSACCIÓN
campo de control 20230906211244.0
008 - DATOS DE LONGITUD FIJA--INFORMACIÓN GENERAL
campo de control de longitud fija 020613s1829 sp |||| | spa d
040 ## - FUENTE DE CATALOGACIÓN
Centro catalogador/agencia de origen NA
Lengua de catalogación spa
Centro/agencia transcriptor NA
245 00 - MENCIÓN DEL TÍTULO
Título Manual de las señoritas ó Arte para aprender cuantas habilidades constituyen el verdadero mérito de las mugeres ... /
Mención de responsabilidad, etc. traducido del frances por Maria Ana Poveda.
250 ## - MENCION DE EDICION
Mención de edición 2ª ed. añadida con el arte de lavandera y lavado doméstico.
260 ## - PUBLICACIÓN, DISTRIBUCIÓN, ETC.
Lugar de publicación, distribución, etc. Madrid :
Nombre del editor, distribuidor, etc. [s.n.],
Fecha de publicación, distribución, etc. 1829 (
Fabricante Imprenta de Eusebio Aguado)
300 ## - DESCRIPCIÓN FÍSICA
Extensión 342, 80 p. ;
Dimensiones 16 cm.
510 4# - NOTA DE CITAS O REFERENCIAS BIBLIOGRÁFICAS
Nombre de la fuente Palau,
Localización dentro de la fuente 149734
700 11 - ENTRADA AGREGADA--NOMBRE PERSONAL
Nombre de persona Poveda, María Ana.
9 (RLIN) 131331
740 01 - ENTRADA AGREGADA--TÍTULO RELACIONADO/ANALÍTICO NO CONTROLADO
Título relacionado o analítico no controlado Arte para aprender cuantas habilidades constituyen el verdadero mérito de las mugeres.
752 ## - ENTRADA AGREGADA--NOMBRE JERÁRQUICO DEL LUGAR
País o entidad superior España -
Ciudad Madrid
852 ## - LOCALIZACIÓN
Ubicación ES-MaACL
Número de control de estantería R-1776
Nota libre -- Enc. pasta
Encuadernación -- Edic.: Contiene [3] h. de lám. pleg. grab. calc. Olim: D-3935
Holdings
Estatus retirado Estado de pérdida Estado de daño No para préstamo Colección Biblioteca de origen Biblioteca actual Ubicación en estantería Fecha de adquisición Fuente de adquisición Total de préstamos Signatura topográfica completa Código de barras Visto por última vez Precio de reemplazo Tipo de ítem Koha
        Libros del s. XIX Biblioteca del Ateneo de Madrid Biblioteca del Ateneo de Madrid Depósito 17/01/2008     R-1776 1166050 23/02/2023 23/02/2023 Libro impreso antiguo